Keindahan gaya bahasa Al-Quran dalam Uslub Hiwar kisah Nabi Ibrahim A.S.

Bibliographic Details
Other Authors: Khazri Osman, Md. Nor Abdullah
Format: Book
Published: Bangi : Penerbit Universiti Kebangsaan Malaysia , 2019
Subjects:

MARC

LEADER 00000cam a2200000 7i4500
001 0000278809
005 20210304155125.0
020 |a 9789674126810 
090 0 0 |a 297.1226   |b KEI 
245 1 0 |a Keindahan gaya bahasa Al-Quran dalam Uslub Hiwar kisah Nabi Ibrahim A.S.   |c disunting oleh Khazri Osman, Md. Nor Abdullah 
260 |a Bangi :   |b Penerbit Universiti Kebangsaan Malaysia ,   |c 2019 
300 |a 104p. ;   |c 23cm. 
650 0 |a Government publications   |z Malaysia 
650 0 |a Qur'an   |x Criticism, interpretation, etc 
650 0 |a Qur'an   |x Orthography 
700 0 |a Khazri Osman 
700 0 |a Md. Nor Abdullah 
999 |a 00387161   |b BUKU   |c PINJAMAN   |e PERPUSTAKAAN KOMUNITI PETALING JAYA